000 00325 a2200145 4500
001 153427
040 _cEscola São Tomás de Aquino
100 _aMACHADO, Ana Maria
240 1 0 _aAmigo é comigo
_lpor
245 1 0 _aAmigo é comigo
362 0 _a2000
440 1 _aModerna
697 _a*LITERATURA JUVENIL
942 _cBK
999 _c153427
_d153427